000 00976nam a2200265 a 4500
003 DO-SdBNP
005 20220420100558.0
007 ta
008 220118e2006 dr ao||gr ||| 00| 0cspa d
040 _aDO-SdBNP
_bspa
_cBNPHU
082 4 _222
_bF418i
111 1 _aFestival Internacional de Academias de Danza
_n(1:
_d2006:
_cSanto Domingo)
_980956
245 1 0 _a1er. Festival internacional de academias de danza /
246 1 0 _aPrimer festival internacional de academias de danza
260 _aSanto Domingo :
_bENDANZA,
_c20116
300 _a66 p. :
_bil., fotogr.
_c14 cm.
500 _aIncluye datos biográficos de directores de escuelas
590 _aInventariado 2022 / MF
650 4 _970046
_aFestivales
_zRepública Dominicana
650 0 _91276
_aAcademias de danza
_xFestivales
_zRepública Dominicana
650 0 _921900
_aArtes escénicas dominicana
_xFestivales
710 2 _aEscuela Nacional de Danza (Endanza)
_980957
910 _aMFéliz
942 _2ddc
_cLBS1
999 _c51180
_d51180